Footballers by country (2000s edition) - Statistics

General Stats
  • This quiz has been taken 55 times
  • The average score is 10 of 16
Answer Stats
Hint Answer % Correct
Paolo Maldini Italy
100%
Thierry Henry France
92%
Samuel Eto'o Cameroon
91%
Rivaldo Brazil
89%
Luis Figo Portugal
89%
Xavi Spain
89%
Andriy Shevchenko Ukraine
85%
Rio Ferdinand England
83%
Oliver Kahn Germany
83%
Pavel Nedved Czech Republic
72%
Juan Roman Riquelme Argentina
70%
Edwin van der Sar Dutch
21%
Ruud van Nistelrooy Dutch
21%
Henrik Larsson Swedish
19%
Didier Drogba Ivorian
9%
Claude Makelele Democratic Republic of the Congo
6%
No matching quizzes found
Score Distribution
Percent of People with Each Score
Percentile by Number Answered
Your Score History
You have not taken this quiz